|
|
|
|
| LEADER |
00000nam a2200000 4500 |
| 001 |
vtls012252687 |
| 003 |
SK-MaSNL |
| 005 |
20260301121737.0 |
| 008 |
251112s1800 gw f 000 0 ger |
| 015 |
|
|
|a SNBHFA
|
| 040 |
|
|
|a SNKHF
|b slo
|c SNK
|e rda
|
| 041 |
0 |
|
|a ger
|
| 044 |
|
|
|a gw
|c DE
|
| 072 |
|
7 |
|a 63
|x Poľnohospodárstvo a príbuzné oblasti vedy a techniky
|2 konspekt
|
| 080 |
|
|
|a 631
|2 2011
|
| 080 |
|
|
|a 636.09
|2 2011
|
| 080 |
|
|
|a 33
|2 2011
|
| 100 |
1 |
|
|a Mayer, Johann Friedrich,
|d 1747-1826
|4 aut
|4 aui
|9 466290
|
| 245 |
1 |
0 |
|a Practische Anweisung fủr den teutschen Landwirth den Futterkrảuterbau empor zu bringen, um dadurch seine Nahrung zu verbessern
|
| 264 |
|
3 |
|a Frankfurt am Main
|b Jn der Behrenischen Buchhandlung
|c 1800
|
| 300 |
|
|
|a 4 nečíslované listy, 60 strán
|c 8°
|c 19,5 × 12 cm
|
| 336 |
|
|
|a text
|b txt
|2 rdacontent
|
| 337 |
|
|
|a bez média
|b n
|2 rdamedia
|
| 338 |
|
|
|a zväzok
|b nc
|2 rdacarrier
|
| 500 |
|
|
|a Vinety, vlysy, linky
|
| 508 |
|
|
|a Predslov autora
|
| 510 |
4 |
|
|a WorldCat
|c 1222705796
|
| 546 |
|
|
|a Nemčina
|b Fraktúra
|
| 561 |
|
|
|a Proveniencia: Pečiatka Dr. E. Kadarász-vernot Poz Margity Zayovej. - Vlepený tlačený exlibris s erbom a textom Joh. B. Calisch
|5 SNK ID 103349
|
| 563 |
|
|
|a Väzba: sivo-modrá papierová lepenka.
|5 SNK ID 103349
|
| 650 |
0 |
7 |
|a poľnohospodárstvo
|2 SNKPH
|9 679
|
| 650 |
0 |
7 |
|a ekonómia
|2 SNKPH
|9 788
|
| 650 |
0 |
7 |
|a farmári
|2 SNKPH
|9 29004
|
| 700 |
1 |
|
|a Behrens, Theodor Franz,
|d 1760-1813
|4 prt
|9 466291
|
| 700 |
1 |
|
|a Zaiová, Margita,
|d 1868-1937
|4 fmo
|9 186369
|
| 710 |
0 |
|
|a Behrens, Theodor Franz (Frankfurt nad Mohanom, Nemecko),
|d 1795-1813
|4 prt
|9 466292
|
| 752 |
|
|
|a Nemecko
|d Frankfurt nad Mohanom
|
| 852 |
|
|
|a Slovenská národná knižnica
|b Zaiova knižnica: Zay 7413 (Z 8744)
|p ID 103349
|
| 958 |
|
|
|a DD
|
| 958 |
|
|
|a ONDV
|
| 999 |
|
|
|c 730513
|d 732443
|
| 952 |
|
|
|t Zay 7413 (Z 8744)
|a SNK
|b SNK
|c SNK_HF
|y PREZ
|7 0
|p 17A1400470
|o snkID 103349
|i snk2024/4314
|8 5
|0 0
|1 0
|4 0
|d 2024-03-13
|l 0
|r 2026-02-23 22:27:27
|w 2026-02-23
|